000 01028cab a2200277 4500
001 ABS58359
008 090401t1998 xxu||||| |||| 00| 0 eng d
035 _a(Sirsi) u84198
041 _aeng
100 _aShea, C.
245 2 _aA case of damage limitation
260 _c1998
350 _a0
490 _aProperty Week
_v61(5) 6 February 1998, 27(1)
520 _aThe Court of Appeal decision in "Platform Home Loans v Oyston Shipways" resolves the uncertainty over contributory negligence created by the decision in "South Australia Asset Management v York Montague". This article discusses each case in turn and concludes that valuers should welcome the CA decision.
650 _aCONTRIBUTORY NEGLIGENCE
650 _aDAMAGES
650 _aNEGLIGENCE
650 _aPLATFORM HOME LOANS V OYSTON SHIPWAYS
650 _aSOUTH AUSTRALIA ASSET MANAGEMENT CORPORATION V YORK MONTAGUE LTD
650 _aVALUERS
690 _aRATING AND VALUATION
700 _aTanney, A.
942 _n0
948 _c11/02/1998
999 _c52904
_d52904